| 000 | 00595nam a22001817a 4500 | ||
|---|---|---|---|
| 003 | SISC | ||
| 005 | 20170711080532.0 | ||
| 008 | 170710b xxu||||| |||| 00| 0 eng d | ||
| 020 | _a9789719368007 | ||
| 050 |
_aHF 5601 _b.M294 2015 |
||
| 100 | _aManuel, Zenaida Vera Cruz. | ||
| 245 |
_a21st century accounting process : _cZenaida Vera Cruz-Manuel. _bbasic concepts and procedures international edition 2016 / |
||
| 250 | _a21st edition. | ||
| 260 |
_aQuezon City : _bRaintree Trading & Publishing, Inc., _c2015. |
||
| 300 |
_a563 pages ; _c25 cm. |
||
| 650 | _aAccounting. | ||
| 942 |
_2lcc _cBK |
||
| 999 |
_c337481 _d337481 |
||